| 000 | 01014nam a2200265Ia 4500 | ||
|---|---|---|---|
| 003 | OSt | ||
| 005 | 20220923211528.0 | ||
| 006 | a|||||r|||| 00| 0 | ||
| 007 | ta | ||
| 008 | 220922b |||||||| |||| 00| 0 hin d | ||
| 020 |
_a9789381549179 (hbk) _c995 |
||
| 024 | _a289,618 | ||
| 037 |
_b1334, 11/03/2016, Kiran Book Service _cTextual |
||
| 040 |
_aARTS _cARTS _bhin |
||
| 041 |
_2hin _ahin |
||
| 082 | _aO152,3N14:g(W94), Q3 | ||
| 100 |
_aमधाले, शाहू दश्रथ _9156273 |
||
| 245 | 0 | _aयशपाल के उपन्यास और राष्ट्र | |
| 246 | _aYashapāl ke upanyās aur rāṣhṭra | ||
| 260 |
_aवाराणसी _b ए. बी. एस. पब्लिकेशन _c2013 |
||
| 300 |
_a416पृ. _ccm. |
||
| 650 |
_aहिन्दी साहित्य _9156264 |
||
| 942 |
_hO152,3N14:g(W94), Q3 _cTEXL _2CC |
||
| 999 |
_c300478 _d300478 |
||